000 00710nam a2200193Ia 4500
003 GCL
008 140319s9999 xx 000 0 ara d
040 _aGCL /
_cGCL
082 0 4 _a004.678
_bاس
100 1 _aسمير برهان
245 1 0 _aابرام العقود فى التجارة الالكترونية /
_cسمير برهان
250 _aالاولى
260 _aالقاهرة :
_bمؤسسة الاهرام ،
_c2005
300 _a69 ص ؛
_c24 سم
490 _aكتاب الاهرام الاقتصادى
_v215
650 0 4 _aالتجارةالالكترونية - تنظيم وادارة
650 0 4 _aالتجارةالالكترونية - قوانين وتشريعات
942 _2ddc
_cBK
999 _c7853
_d7853